<?xml version="1.0" encoding="UTF-8"?>
<record
    xmlns:xsi="http://www.w3.org/2001/XMLSchema-instance"
    xsi:schemaLocation="http://www.loc.gov/MARC21/slim http://www.loc.gov/standards/marcxml/schema/MARC21slim.xsd"
    xmlns="http://www.loc.gov/MARC21/slim">

  <leader>02607nam a2200349 a 4500</leader>
  <controlfield tag="001">000008527</controlfield>
  <controlfield tag="003">DO-SdBNP</controlfield>
  <controlfield tag="005">20250626115039.0</controlfield>
  <controlfield tag="007">000008527</controlfield>
  <controlfield tag="008">090917t1995    dr c          001 mdspa d</controlfield>
  <datafield tag="020" ind1=" " ind2=" ">
    <subfield code="a">846053247X</subfield>
  </datafield>
  <datafield tag="040" ind1=" " ind2=" ">
    <subfield code="a">BPMSU</subfield>
    <subfield code="b">spa</subfield>
    <subfield code="c">BPMSU</subfield>
  </datafield>
  <datafield tag="082" ind1=" " ind2="4">
    <subfield code="a">809.04</subfield>
    <subfield code="b">L296o 1995</subfield>
    <subfield code="2">22</subfield>
  </datafield>
  <datafield tag="100" ind1="1" ind2=" ">
    <subfield code="a">Lantigua, Jos&#xE9; Rafael,</subfield>
    <subfield code="d">1949-</subfield>
  </datafield>
  <datafield tag="245" ind1="1" ind2="3">
    <subfield code="a">El oficio de la palabra :</subfield>
    <subfield code="b">conversaciones literarias /</subfield>
    <subfield code="c">Jos&#xE9; Rafael Lantigua.</subfield>
  </datafield>
  <datafield tag="260" ind1=" " ind2=" ">
    <subfield code="a">Santo Domingo :</subfield>
    <subfield code="b">Ediciones La Trinitaria,</subfield>
    <subfield code="c">1995.</subfield>
  </datafield>
  <datafield tag="300" ind1=" " ind2=" ">
    <subfield code="a">235 p. :</subfield>
    <subfield code="b">retrs. ;</subfield>
    <subfield code="c">21 cm.</subfield>
  </datafield>
  <datafield tag="500" ind1=" " ind2=" ">
    <subfield code="a">Incluye datos biogr&#xE1;ficos del autor en la solapa de la cubierta.</subfield>
  </datafield>
  <datafield tag="500" ind1=" " ind2=" ">
    <subfield code="a">Incluye notas biobibliogr&#xE1;ficas de los autores entrevistados.</subfield>
  </datafield>
  <datafield tag="500" ind1=" " ind2=" ">
    <subfield code="a">Compilaci&#xF3;n de entrevistas realizadas por el autor en la secci&#xF3;n literaria "Biblioteca" del diario &#xDA;ltima Hora.</subfield>
  </datafield>
  <datafield tag="505" ind1="0" ind2=" ">
    <subfield code="g">Introducci&#xF3;n --</subfield>
    <subfield code="t">Los mejores intelectuales se forman en el exterior /</subfield>
    <subfield code="r">Di&#xF3;genes C&#xE9;spedes --</subfield>
    <subfield code="t">El cuentista nace siendo cuentista /</subfield>
    <subfield code="r">Virgilio D&#xED;az Grull&#xF3;n --</subfield>
    <subfield code="t">La revoluci&#xF3;n po&#xE9;tica debe ser radical /</subfield>
    <subfield code="r">Jos&#xE9; M&#xE1;rmol</subfield>
    <subfield code="t">"En literatura, como en boxeo, hay de todos los pesos" /</subfield>
    <subfield code="r">Plinio Apuleyo Mendoza --</subfield>
    <subfield code="t">"He le&#xED;do El Quijote 21 veces" /</subfield>
    <subfield code="r">Juan Bosch --</subfield>
    <subfield code="t">"La literatura es selecci&#xF3;n y la mejor antolog&#xED;a la hace el tiempo" /</subfield>
    <subfield code="r">Mateo Morrison --</subfield>
    <subfield code="t">"No olvides que siempre estamos llegando a P&#xE9;njamo" /</subfield>
    <subfield code="r">Enriquillo S&#xE1;nchez --</subfield>
    <subfield code="t">"Soy apenas un pastor que va despertando ovejas dormidas" /</subfield>
    <subfield code="r">Ren&#xE9; Rodr&#xED;guez Soriano --</subfield>
    <subfield code="t">Antes que libro mi obra fue una novela oral /</subfield>
    <subfield code="r">Viriato Senci&#xF3;n --</subfield>
    <subfield code="t">La literatura est&#xE1; llena de coartadas /</subfield>
    <subfield code="r">Andr&#xE9;s L. Mateo --</subfield>
    <subfield code="t">Este mundo no sabe de poes&#xED;a, pero le teme /</subfield>
    <subfield code="r">Oded Sverdlik --</subfield>
    <subfield code="t">La poes&#xED;a es una flor, la novela es un pulpo /</subfield>
    <subfield code="r">Marcio Veloz Maggiolo --</subfield>
    <subfield code="t">Ha sido la voz de los que no tienen voz /</subfield>
    <subfield code="r">Miguel Barnet --</subfield>
    <subfield code="t">Fidel le&#xED;a sobre pol&#xED;tica, nada de literatura y nunca versos /</subfield>
    <subfield code="r">Jose Pardo LLada --</subfield>
    <subfield code="t">No existe una literatura dominicana en New York /</subfield>
    <subfield code="r">Jos&#xE9; Carvajal --</subfield>
    <subfield code="t">F(r)icciones y confesiones /</subfield>
    <subfield code="r">Alexis G&#xF3;mez Rosa --</subfield>
    <subfield code="t">El amor es tan subversivo como la poes&#xED;a /</subfield>
    <subfield code="t">Soledad &#xC1;lvarez --</subfield>
    <subfield code="g">Ap&#xE9;ndice --</subfield>
    <subfield code="g">Notas bio-bibliogr&#xE1;ficas.</subfield>
  </datafield>
  <datafield tag="590" ind1=" " ind2=" ">
    <subfield code="6">Inventariado, 2021/VM </subfield>
  </datafield>
  <datafield tag="650" ind1=" " ind2="4">
    <subfield code="a">Autores latinoamericanos </subfield>
    <subfield code="x">Entrevistas </subfield>
  </datafield>
  <datafield tag="650" ind1=" " ind2="4">
    <subfield code="a">Autores dominicanos </subfield>
    <subfield code="x">Entrevistas </subfield>
  </datafield>
  <datafield tag="650" ind1=" " ind2="4">
    <subfield code="a">Literatura </subfield>
    <subfield code="x">Historia y cr&#xED;tica </subfield>
  </datafield>
  <datafield tag="650" ind1=" " ind2="4">
    <subfield code="a">Autores en la literatura </subfield>
  </datafield>
  <datafield tag="650" ind1=" " ind2="4">
    <subfield code="a">Litieratura dominicana </subfield>
  </datafield>
  <datafield tag="650" ind1=" " ind2="4">
    <subfield code="a">Diarios dominicanos </subfield>
    <subfield code="x">Secciones, columnas, etc. </subfield>
  </datafield>
  <datafield tag="730" ind1="0" ind2=" ">
    <subfield code="a">&#xDA;ltima Hora (Rep&#xFA;blica Dominicana)</subfield>
  </datafield>
  <datafield tag="910" ind1=" " ind2=" ">
    <subfield code="a">VMateo V. / Validado. Control de calidad EMS.</subfield>
  </datafield>
  <datafield tag="942" ind1=" " ind2=" ">
    <subfield code="2">ddc</subfield>
    <subfield code="c">BK</subfield>
  </datafield>
  <datafield tag="952" ind1=" " ind2=" ">
    <subfield code="0">0</subfield>
    <subfield code="1">0</subfield>
    <subfield code="2">ddc</subfield>
    <subfield code="4">0</subfield>
    <subfield code="7">0</subfield>
    <subfield code="8">CD</subfield>
    <subfield code="a">BPMET</subfield>
    <subfield code="b">BPMET</subfield>
    <subfield code="d">2015-07-22</subfield>
    <subfield code="l">0</subfield>
    <subfield code="o">BPMSU CD 809.04 L296o 1995</subfield>
    <subfield code="p">BPMSU15070315</subfield>
    <subfield code="r">2015-07-22</subfield>
    <subfield code="w">2015-07-22</subfield>
    <subfield code="y">BK</subfield>
  </datafield>
  <datafield tag="952" ind1=" " ind2=" ">
    <subfield code="0">0</subfield>
    <subfield code="1">0</subfield>
    <subfield code="2">ddc</subfield>
    <subfield code="4">0</subfield>
    <subfield code="7">0</subfield>
    <subfield code="8">CD</subfield>
    <subfield code="a">BPMET</subfield>
    <subfield code="b">BPMET</subfield>
    <subfield code="d">2015-07-22</subfield>
    <subfield code="l">0</subfield>
    <subfield code="o">BPMSU CD 809.04 L296o 1995</subfield>
    <subfield code="p">BPMSU21090062</subfield>
    <subfield code="r">2021-09-13</subfield>
    <subfield code="t">e.2</subfield>
    <subfield code="w">2015-07-22</subfield>
    <subfield code="y">BK</subfield>
  </datafield>
  <datafield tag="952" ind1=" " ind2=" ">
    <subfield code="0">0</subfield>
    <subfield code="1">0</subfield>
    <subfield code="2">ddc</subfield>
    <subfield code="4">0</subfield>
    <subfield code="7">0</subfield>
    <subfield code="8">CD</subfield>
    <subfield code="a">BPMET</subfield>
    <subfield code="b">BPMET</subfield>
    <subfield code="d">2015-07-22</subfield>
    <subfield code="l">0</subfield>
    <subfield code="o">BPMSU CD 809.04 L296o 1995</subfield>
    <subfield code="p">BPMSU25060129</subfield>
    <subfield code="r">2025-06-26</subfield>
    <subfield code="t">e.3</subfield>
    <subfield code="w">2015-07-22</subfield>
    <subfield code="y">BK</subfield>
  </datafield>
  <datafield tag="999" ind1=" " ind2=" ">
    <subfield code="c">7988</subfield>
    <subfield code="d">7988</subfield>
  </datafield>
</record>
